[Event "DEM U10w 2025"]
[Site "Willingen GER"]
[Date "2025.06.13"]
[Round "8"]
[White "Elsayed Esam, Sally"]
[Black "Sigacheva, Varvara"]
[Result "1-0"]
[Termination "normal"]
[Board "3"]
[WhiteElo "1623"]
[BlackElo "1453"]
[WhiteClock "00:18:10"]
[BlackClock "00:05:28"]
[PlyCount "133"]
[WhiteFideId "34662170"]
[BlackFideId "522079416"]
[EventCountry "GER"]
[EventRounds "9"]
[EventType "swiss"]
[EventDate "2025.06.07"]

1. d4 {[%clk 01:30:44]} {[%emt 00:00:16]} d5 {[%clk 01:30:50]} {[%emt
00:00:10]} 2. Nf3 {[%clk 01:30:53]} {[%emt 00:00:21]} Nf6 {[%clk 01:30:24]}
{[%emt 00:00:56]} 3. g3 {[%clk 01:30:57]} {[%emt 00:00:26]} e6 {[%clk
01:29:30]} {[%emt 00:01:25]} 4. Bg2 {[%clk 01:31:18]} {[%emt 00:00:07]} c6
{[%clk 01:28:16]} {[%emt 00:01:45]} 5. O-O {[%clk 01:31:18]} {[%emt 00:00:30]}
Nbd7 {[%clk 01:25:33]} {[%emt 00:03:14]} 6. b3 {[%clk 01:30:05]} {[%emt
00:01:43]} Be7 {[%clk 01:23:23]} {[%emt 00:02:39]} 7. Bb2 {[%clk 01:30:09]}
{[%emt 00:00:27]} O-O {[%clk 01:18:55]} {[%emt 00:04:58]} 8. Nbd2 {[%clk
01:28:51]} {[%emt 00:01:48]} b6 {[%clk 01:14:23]} {[%emt 00:05:02]} 9. h3
{[%clk 01:17:01]} {[%emt 00:12:20]} h6 {[%clk 01:07:19]} {[%emt 00:07:33]} 10.
c4 {[%clk 01:14:07]} {[%emt 00:03:24]} Bb7 {[%clk 00:52:47]} {[%emt 00:15:03]}
11. Rc1 {[%clk 01:06:56]} {[%emt 00:07:41]} c5 {[%clk 00:43:59]} {[%emt
00:09:19]} 12. Ne5 {[%clk 00:50:20]} {[%emt 00:17:05]} cxd4 {[%clk 00:35:08]}
{[%emt 00:09:20]} 13. Bxd4 {[%clk 00:46:31]} {[%emt 00:04:19]} Nxe5 {[%clk
00:34:54]} {[%emt 00:00:45]} 14. Bxe5 {[%clk 00:46:48]} {[%emt 00:00:12]} Ba3
{[%clk 00:32:10]} {[%emt 00:03:14]} 15. Rc2 {[%clk 00:42:41]} {[%emt 00:04:37]}
Rc8 {[%clk 00:10:10]} {[%emt 00:22:33]} 16. Re1 {[%clk 00:26:31]} {[%emt
00:16:37]} Be7 {[%clk 00:04:48]} {[%emt 00:05:54]} 17. e3 {[%clk 00:25:24]}
{[%emt 00:01:38]} Ba8 {[%clk 00:03:52]} {[%emt 00:01:26]} 18. cxd5 {[%clk
00:15:43]} {[%emt 00:10:10]} Rxc2 {[%clk 00:04:08]} {[%emt 00:00:14]} 19. Qxc2
{[%clk 00:16:02]} {[%emt 00:00:11]} Bxd5 {[%clk 00:03:34]} {[%emt 00:01:05]}
20. e4 {[%clk 00:15:12]} {[%emt 00:01:19]} Ba8 {[%clk 00:03:07]} {[%emt
00:00:54]} 21. Rd1 {[%clk 00:13:46]} {[%emt 00:01:59]} Qc8 {[%clk 00:02:41]}
{[%emt 00:00:52]} 22. Rc1 {[%clk 00:07:17]} {[%emt 00:07:03]} Qxc2 {[%clk
00:03:00]} {[%emt 00:00:11]} 23. Rxc2 {[%clk 00:07:40]} {[%emt 00:00:07]} Nd7
{[%clk 00:02:19]} {[%emt 00:01:11]} 24. Rc7 {[%clk 00:05:43]} {[%emt 00:02:26]}
Nxe5 {[%clk 00:02:40]} {[%emt 00:00:11]} 25. Rxe7 {[%clk 00:05:59]} {[%emt
00:00:14]} a5 {[%clk 00:01:23]} {[%emt 00:01:47]} 26. f4 {[%clk 00:04:37]}
{[%emt 00:01:51]} Nd3 {[%clk 00:00:53]} {[%emt 00:01:00]} 27. Nc4 {[%clk
00:03:10]} {[%emt 00:01:57]} Nc5 {[%clk 00:00:32]} {[%emt 00:00:51]} 28. Nxb6
{[%clk 00:02:50]} {[%emt 00:00:51]} Bxe4 {[%clk 00:00:32]} {[%emt 00:00:30]}
29. Ra7 {[%clk 00:02:43]} {[%emt 00:00:36]} Bxg2 {[%emt 00:00:36]} 30. Kxg2
{[%clk 00:03:05]} Rd8 {[%clk 00:00:36]} {[%emt 00:00:28]} 31. Rxa5 {[%clk
00:03:18]} {[%emt 00:00:17]} Rd2+ {[%clk 00:00:50]} {[%emt 00:00:17]} 32. Kf3
{[%clk 00:02:52]} {[%emt 00:00:55]} Rc2 {[%clk 00:00:45]} {[%emt 00:00:35]} 33.
b4 {[%clk 00:02:33]} {[%emt 00:00:49]} Nd3 {[%clk 00:00:49]} {[%emt 00:00:26]}
34. Ke3 {[%clk 00:02:07]} {[%emt 00:00:52]} Nxb4 {[%clk 00:00:45]} {[%emt
00:00:38]} 35. a4 {[%clk 00:01:47]} {[%emt 00:00:51]} Rb2 {[%clk 00:00:38]}
{[%emt 00:00:37]} 36. Nc4 {[%clk 00:01:23]} {[%emt 00:00:53]} Rb3+ {[%clk
00:00:54]} {[%emt 00:00:14]} 37. Kf2 {[%clk 00:01:05]} {[%emt 00:00:47]} Nd5
{[%clk 00:00:50]} {[%emt 00:00:36]} 38. Rb5 {[%clk 00:00:47]} {[%emt 00:00:48]}
Rc3 {[%clk 00:00:42]} {[%emt 00:00:38]} 39. Ne5 {[%clk 00:00:36]} {[%emt
00:00:41]} Rc2+ {[%clk 00:00:54]} {[%emt 00:00:18]} 40. Kf3 {[%clk 00:00:34]}
{[%emt 00:00:30]} Rc7 {[%clk 00:00:40]} {[%emt 00:00:46]} 41. a5 {[%clk
00:00:38]} {[%emt 00:00:25]} Ra7 {[%clk 00:00:42]} {[%emt 00:00:28]} 42. Kf2
{[%clk 00:29:09]} {[%emt 00:01:59]} Nc3 {[%clk 00:28:39]} {[%emt 00:02:34]} 43.
Rb8+ {[%clk 00:28:07]} {[%emt 00:01:31]} Kh7 {[%clk 00:28:49]} {[%emt
00:00:19]} 44. Nc6 {[%clk 00:27:25]} {[%emt 00:01:14]} Ra6 {[%clk 00:26:29]}
{[%emt 00:02:49]} 45. Rb6 {[%clk 00:27:29]} {[%emt 00:00:26]} Ra8 {[%clk
00:18:51]} {[%emt 00:08:04]} 46. Rb3 {[%clk 00:18:59]} {[%emt 00:09:04]} Ne4+
{[%clk 00:17:16]} {[%emt 00:02:05]} 47. Ke3 {[%clk 00:18:24]} {[%emt 00:01:05]}
Nd6 {[%clk 00:16:28]} {[%emt 00:01:13]} 48. Kd4 {[%clk 00:15:48]} {[%emt
00:03:09]} Rc8 {[%clk 00:07:56]} {[%emt 00:09:04]} 49. Rb6 {[%clk 00:15:37]}
{[%emt 00:00:41]} Nf5+ {[%clk 00:05:17]} {[%emt 00:03:08]} 50. Kc5 {[%clk
00:14:33]} {[%emt 00:01:34]} Ne7 {[%clk 00:03:22]} {[%emt 00:02:26]} 51. a6
{[%clk 00:14:38]} {[%emt 00:00:26]} Nxc6 {[%clk 00:03:16]} {[%emt 00:00:35]}
52. Rxc6 {[%clk 00:14:57]} {[%emt 00:00:11]} Ra8 {[%clk 00:03:39]} {[%emt
00:00:08]} 53. Kb6 {[%clk 00:14:46]} {[%emt 00:00:40]} Rb8+ {[%clk 00:03:33]}
{[%emt 00:00:36]} 54. Kc7 {[%clk 00:15:01]} {[%emt 00:00:16]} Ra8 {[%clk
00:03:39]} {[%emt 00:00:24]} 55. Kb7 {[%clk 00:15:18]} {[%emt 00:00:12]} Rxa6
{[%clk 00:03:55]} {[%emt 00:00:15]} 56. Kxa6 {[%clk 00:15:36]} {[%emt
00:00:11]} g6 {[%clk 00:04:02]} {[%emt 00:00:23]} 57. Kb5 {[%clk 00:16:01]}
{[%emt 00:00:05]} h5 {[%clk 00:04:24]} {[%emt 00:00:07]} 58. Kc5 {[%clk
00:16:06]} {[%emt 00:00:26]} Kg7 {[%clk 00:04:40]} {[%emt 00:00:13]} 59. Kd6
{[%clk 00:16:14]} {[%emt 00:00:22]} Kf6 {[%clk 00:05:06]} {[%emt 00:00:06]} 60.
Rc7 {[%clk 00:16:36]} {[%emt 00:00:08]} Kg7 {[%clk 00:04:47]} {[%emt 00:00:48]}
61. Ke5 {[%clk 00:16:49]} {[%emt 00:00:17]} Kg8 {[%clk 00:04:18]} {[%emt
00:01:00]} 62. Kf6 {[%clk 00:17:05]} {[%emt 00:00:14]} Kh8 {[%clk 00:04:06]}
{[%emt 00:00:36]} 63. Rxf7 {[%clk 00:17:23]} {[%emt 00:00:18]} Kg8 {[%clk
00:04:12]} {[%emt 00:00:23]} 64. Kxg6 {[%clk 00:17:48]} {[%emt 00:00:06]} h4
{[%clk 00:04:35]} {[%emt 00:00:07]} 65. gxh4 {[%clk 00:18:08]} {[%emt
00:00:09]} e5 {[%clk 00:05:02]} {[%emt 00:00:03]} 66. fxe5 {[%clk 00:18:21]}
{[%emt 00:00:17]} Kh8 {[%clk 00:05:28]} {[%emt 00:00:04]} 67. Rf8# {[%clk
00:18:10]} {[%emt 00:00:11]} 1-0

[Event "DEM U10w 2025"]
[Site "Willingen GER"]
[Date "2025.06.13"]
[Round "8"]
[White "Hleizer, Ahata"]
[Black "Rose, Malina Rita"]
[Result "1-0"]
[Termination "normal"]
[Board "4"]
[WhiteElo "1594"]
[BlackElo "1549"]
[WhiteClock "00:24:03"]
[BlackClock "00:25:44"]
[PlyCount "95"]
[WhiteFideId "34643370"]
[BlackFideId "34665749"]
[EventCountry "GER"]
[EventRounds "9"]
[EventType "swiss"]
[EventDate "2025.06.07"]

1. e4 {[%clk 01:30:57]} {[%emt 00:00:01]} e6 {[%clk 01:30:53]} {[%emt
00:00:08]} 2. d4 {[%clk 01:31:18]} {[%emt 00:00:10]} d5 {[%clk 01:31:14]}
{[%emt 00:00:08]} 3. exd5 {[%clk 01:31:42]} {[%emt 00:00:06]} exd5 {[%clk
01:31:37]} {[%emt 00:00:10]} 4. Nf3 {[%clk 01:32:01]} {[%emt 00:00:09]} c5
{[%clk 01:30:07]} {[%emt 00:02:00]} 5. Bb5+ {[%clk 01:31:20]} {[%emt 00:01:10]}
Bd7 {[%clk 01:29:16]} {[%emt 00:01:21]} 6. Bxd7+ {[%clk 01:31:04]} {[%emt
00:00:46]} Nxd7 {[%clk 01:27:55]} {[%emt 00:01:52]} 7. O-O {[%clk 01:30:29]}
{[%emt 00:01:04]} Ngf6 {[%clk 01:25:50]} {[%emt 00:02:34]} 8. Re1+ {[%clk
01:30:19]} {[%emt 00:00:41]} Be7 {[%clk 01:25:50]} {[%emt 00:00:30]} 9. Nc3
{[%clk 01:27:47]} {[%emt 00:03:02]} O-O {[%clk 01:21:10]} {[%emt 00:05:10]} 10.
Bf4 {[%clk 01:25:34]} {[%emt 00:02:43]} Re8 {[%clk 01:19:19]} {[%emt 00:02:21]}
11. Qd2 {[%clk 01:23:25]} {[%emt 00:02:39]} Nb6 {[%clk 01:09:56]} {[%emt
00:09:54]} 12. b3 {[%clk 01:21:23]} {[%emt 00:02:31]} Rc8 {[%clk 01:04:41]}
{[%emt 00:05:45]} 13. Be5 {[%clk 01:18:18]} {[%emt 00:03:35]} c4 {[%clk
00:54:46]} {[%emt 00:10:25]} 14. bxc4 {[%clk 01:17:41]} {[%emt 00:01:07]} Nxc4
{[%clk 00:53:34]} {[%emt 00:01:41]} 15. Qd3 {[%clk 01:13:55]} {[%emt 00:04:07]}
Ng4 {[%clk 00:44:29]} {[%emt 00:09:44]} 16. Ne2 {[%clk 00:53:54]} {[%emt
00:20:32]} Ncxe5 {[%clk 00:38:37]} {[%emt 00:06:22]} 17. dxe5 {[%clk 00:52:55]}
{[%emt 00:01:29]} Bc5 {[%clk 00:38:28]} {[%emt 00:00:37]} 18. Ned4 {[%clk
00:51:45]} {[%emt 00:01:42]} Bxd4 {[%clk 00:38:18]} {[%emt 00:00:41]} 19. Qxd4
{[%clk 00:51:32]} {[%emt 00:00:42]} Rc4 {[%clk 00:35:44]} {[%emt 00:03:03]} 20.
Qb2 {[%clk 00:46:27]} {[%emt 00:05:35]} b6 {[%clk 00:31:20]} {[%emt 00:04:55]}
21. h3 {[%clk 00:45:06]} {[%emt 00:01:50]} Nh6 {[%clk 00:31:11]} {[%emt
00:00:39]} 22. Rad1 {[%clk 00:41:56]} {[%emt 00:03:42]} Qd7 {[%clk 00:26:46]}
{[%emt 00:04:55]} 23. Rd2 {[%clk 00:27:57]} {[%emt 00:14:30]} Nf5 {[%clk
00:24:44]} {[%emt 00:02:25]} 24. Qb3 {[%clk 00:23:11]} {[%emt 00:05:23]} f6
{[%clk 00:20:19]} {[%emt 00:04:55]} 25. Qxc4 {[%clk 00:22:19]} {[%emt
00:01:21]} dxc4 {[%clk 00:19:47]} {[%emt 00:01:03]} 26. Rxd7 {[%clk 00:20:26]}
{[%emt 00:02:23]} a5 {[%clk 00:20:01]} {[%emt 00:00:16]} 27. exf6 {[%clk
00:20:14]} {[%emt 00:00:42]} Rxe1+ {[%clk 00:20:17]} {[%emt 00:00:14]} 28. Nxe1
{[%clk 00:20:37]} {[%emt 00:00:07]} gxf6 {[%clk 00:20:36]} {[%emt 00:00:11]}
29. Rb7 {[%clk 00:20:46]} {[%emt 00:00:22]} a4 {[%clk 00:20:47]} {[%emt
00:00:19]} 30. Rxb6 {[%clk 00:20:56]} {[%emt 00:00:19]} Kg7 {[%clk 00:21:11]}
{[%emt 00:00:06]} 31. Rc6 {[%clk 00:20:53]} {[%emt 00:00:33]} c3 {[%clk
00:21:08]} {[%emt 00:00:33]} 32. Rxc3 {[%clk 00:21:03]} {[%emt 00:00:20]} Nd4
{[%clk 00:21:28]} {[%emt 00:00:09]} 33. Kh1 {[%clk 00:21:06]} {[%emt 00:00:27]}
Ne2 {[%clk 00:21:46]} {[%emt 00:00:13]} 34. Ra3 {[%clk 00:21:18]} {[%emt
00:00:18]} Nd4 {[%clk 00:21:56]} {[%emt 00:00:20]} 35. Rxa4 {[%clk 00:21:33]}
{[%emt 00:00:15]} Ne6 {[%clk 00:22:09]} {[%emt 00:00:16]} 36. c4 {[%clk
00:21:46]} {[%emt 00:00:19]} Nc5 {[%clk 00:22:30]} {[%emt 00:00:08]} 37. Ra7+
{[%clk 00:22:01]} {[%emt 00:00:14]} Kg6 {[%clk 00:22:50]} {[%emt 00:00:10]} 38.
a4 {[%clk 00:22:14]} {[%emt 00:00:18]} h5 {[%clk 00:23:06]} {[%emt 00:00:14]}
39. a5 {[%clk 00:22:35]} {[%emt 00:00:09]} h4 {[%clk 00:23:18]} {[%emt
00:00:17]} 40. Nf3 {[%clk 00:22:47]} {[%emt 00:00:18]} Kh5 {[%clk 00:23:33]}
{[%emt 00:00:15]} 41. Rh7+ {[%clk 00:23:03]} {[%emt 00:00:15]} Kg6 {[%clk
00:23:51]} {[%emt 00:00:10]} 42. Rxh4 {[%clk 00:23:20]} {[%emt 00:00:15]} Na6
{[%clk 00:24:09]} {[%emt 00:00:12]} 43. Rg4+ {[%clk 00:23:15]} {[%emt
00:00:34]} Kf7 {[%clk 00:24:28]} {[%emt 00:00:11]} 44. Rd4 {[%clk 00:23:16]}
{[%emt 00:00:28]} Ke6 {[%clk 00:24:49]} {[%emt 00:00:10]} 45. Rd5 {[%clk
00:23:14]} {[%emt 00:00:33]} f5 {[%clk 00:25:07]} {[%emt 00:00:12]} 46. Nd4+
{[%clk 00:23:32]} {[%emt 00:00:12]} Kf6 {[%clk 00:25:27]} {[%emt 00:00:09]} 47.
Rxf5+ {[%clk 00:23:51]} {[%emt 00:00:12]} Ke7 {[%clk 00:25:44]} {[%emt
00:00:13]} 48. g4 {[%clk 00:24:03]} {[%emt 00:00:18]} 1-0

[Event "DEM U10w 2025"]
[Site "Willingen GER"]
[Date "2025.06.13"]
[Round "8"]
[White "Giss, Annika"]
[Black "Kotliarova, Emily"]
[Result "1-0"]
[Termination "normal"]
[Board "5"]
[WhiteElo "1520"]
[BlackElo "1480"]
[WhiteClock "00:23:08"]
[BlackClock "00:35:52"]
[PlyCount "75"]
[WhiteFideId "34673148"]
[BlackFideId "34694390"]
[EventCountry "GER"]
[EventRounds "9"]
[EventType "swiss"]
[EventDate "2025.06.07"]

1. e4 {[%clk 01:30:59]} {[%emt 00:00:01]} e5 {[%clk 01:30:54]} {[%emt
00:00:06]} 2. Nf3 {[%clk 01:31:26]} {[%emt 00:00:04]} Nc6 {[%clk 01:31:18]}
{[%emt 00:00:06]} 3. Bc4 {[%clk 01:31:49]} {[%emt 00:00:07]} Bc5 {[%clk
01:31:42]} {[%emt 00:00:06]} 4. c3 {[%clk 01:32:13]} {[%emt 00:00:05]} Nf6
{[%clk 01:32:08]} {[%emt 00:00:04]} 5. d3 {[%clk 01:32:37]} {[%emt 00:00:06]}
h6 {[%clk 01:32:30]} {[%emt 00:00:08]} 6. b4 {[%clk 01:29:18]} {[%emt
00:03:50]} Bb6 {[%clk 01:32:39]} {[%emt 00:00:21]} 7. b5 {[%clk 01:27:00]}
{[%emt 00:02:47]} Na5 {[%clk 01:30:35]} {[%emt 00:02:32]} 8. Nxe5 {[%clk
01:24:14]} {[%emt 00:03:18]} O-O {[%clk 01:30:40]} {[%emt 00:00:25]} 9. Nd2
{[%clk 01:13:43]} {[%emt 00:11:00]} d5 {[%clk 01:13:53]} {[%emt 00:17:18]} 10.
Bb3 {[%clk 01:05:00]} {[%emt 00:09:14]} Qe7 {[%clk 01:11:37]} {[%emt 00:02:46]}
11. d4 {[%clk 01:01:45]} {[%emt 00:03:44]} Nxb3 {[%clk 01:09:51]} {[%emt
00:02:16]} 12. Qxb3 {[%clk 00:59:14]} {[%emt 00:03:01]} Qe6 {[%clk 00:59:04]}
{[%emt 00:11:18]} 13. O-O {[%clk 00:57:51]} {[%emt 00:01:52]} dxe4 {[%clk
00:58:14]} {[%emt 00:01:20]} 14. Qc2 {[%clk 00:53:44]} {[%emt 00:04:38]} Qd5
{[%clk 00:56:45]} {[%emt 00:01:58]} 15. a4 {[%clk 00:49:17]} {[%emt 00:04:57]}
Ba5 {[%clk 00:56:29]} {[%emt 00:00:46]} 16. Nec4 {[%clk 00:48:09]} {[%emt
00:01:38]} b6 {[%clk 00:50:39]} {[%emt 00:06:20]} 17. Ne3 {[%clk 00:43:23]}
{[%emt 00:05:16]} Qe6 {[%clk 00:49:16]} {[%emt 00:01:52]} 18. Re1 {[%clk
00:40:37]} {[%emt 00:03:16]} Bb7 {[%clk 00:48:09]} {[%emt 00:01:38]} 19. Ndc4
{[%clk 00:40:07]} {[%emt 00:01:00]} Ng4 {[%clk 00:46:48]} {[%emt 00:01:51]} 20.
Nxa5 {[%clk 00:39:06]} {[%emt 00:01:31]} Nxe3 {[%clk 00:45:11]} {[%emt
00:02:08]} 21. Bxe3 {[%clk 00:38:02]} {[%emt 00:01:33]} bxa5 {[%clk 00:45:32]}
{[%emt 00:00:09]} 22. c4 {[%clk 00:36:36]} {[%emt 00:01:56]} a6 {[%clk
00:45:21]} {[%emt 00:00:41]} 23. Bd2 {[%clk 00:35:23]} {[%emt 00:01:44]} axb5
{[%clk 00:45:03]} {[%emt 00:00:48]} 24. axb5 {[%clk 00:35:44]} {[%emt
00:00:08]} Qb6 {[%clk 00:45:00]} {[%emt 00:00:33]} 25. d5 {[%clk 00:34:42]}
{[%emt 00:01:32]} f5 {[%clk 00:45:13]} {[%emt 00:00:17]} 26. Ra2 {[%clk
00:31:46]} {[%emt 00:03:28]} Qc5 {[%clk 00:40:59]} {[%emt 00:04:44]} 27. Rea1
{[%clk 00:27:42]} {[%emt 00:04:34]} Rfd8 {[%clk 00:38:48]} {[%emt 00:02:39]}
28. Be3 {[%clk 00:26:29]} {[%emt 00:01:45]} Qb4 {[%clk 00:38:40]} {[%emt
00:00:28]} 29. Ra4 {[%clk 00:26:24]} {[%emt 00:00:44]} Qd6 {[%clk 00:38:32]}
{[%emt 00:00:35]} 30. Rxa5 {[%clk 00:26:43]} {[%emt 00:00:16]} Qb4 {[%clk
00:37:52]} {[%emt 00:01:06]} 31. Rxa8 {[%clk 00:24:22]} {[%emt 00:02:54]} Rxa8
{[%clk 00:37:55]} {[%emt 00:00:27]} 32. Rxa8+ {[%clk 00:24:43]} {[%emt
00:00:08]} Bxa8 {[%clk 00:38:12]} {[%emt 00:00:14]} 33. h3 {[%clk 00:24:53]}
{[%emt 00:00:21]} Kf7 {[%clk 00:38:06]} {[%emt 00:00:34]} 34. Qa2 {[%clk
00:23:06]} {[%emt 00:02:18]} Bxd5 {[%clk 00:36:14]} {[%emt 00:02:22]} 35. cxd5
{[%clk 00:22:42]} {[%emt 00:00:54]} Qxb5 {[%clk 00:35:42]} {[%emt 00:01:02]}
36. d6+ {[%clk 00:22:47]} {[%emt 00:00:24]} Ke8 {[%clk 00:35:34]} {[%emt
00:00:38]} 37. Qe6+ {[%clk 00:22:44]} {[%emt 00:00:33]} Kd8 {[%clk 00:35:52]}
{[%emt 00:00:12]} 38. Qe7+ {[%clk 00:23:08]} {[%emt 00:00:07]} 1-0

[Event "DEM U10w 2025"]
[Site "Willingen GER"]
[Date "2025.06.13"]
[Round "8"]
[White "Goyush, Shams"]
[Black "Xu, Dorothea Sicheng"]
[Result "0-1"]
[Termination "normal"]
[Board "6"]
[WhiteElo "1132"]
[BlackElo "1484"]
[WhiteClock "00:29:52"]
[BlackClock "00:23:16"]
[PlyCount "88"]
[WhiteFideId "533030855"]
[BlackFideId "34667539"]
[EventCountry "GER"]
[EventRounds "9"]
[EventType "swiss"]
[EventDate "2025.06.07"]

1. e4 {[%clk 01:30:57]} {[%emt 00:00:02]} e5 {[%clk 01:30:56]} {[%emt
00:00:04]} 2. Nf3 {[%clk 01:31:18]} {[%emt 00:00:09]} Nc6 {[%clk 01:31:21]}
{[%emt 00:00:05]} 3. Nc3 {[%clk 01:31:42]} {[%emt 00:00:06]} Nf6 {[%clk
01:31:44]} {[%emt 00:00:08]} 4. Be2 {[%clk 01:32:06]} {[%emt 00:00:05]} Bb4
{[%clk 01:31:32]} {[%emt 00:00:43]} 5. Nd5 {[%clk 01:31:58]} {[%emt 00:00:38]}
Nxe4 {[%clk 01:12:32]} {[%emt 00:19:30]} 6. c3 {[%clk 01:28:02]} {[%emt
00:04:25]} Ba5 {[%clk 01:10:32]} {[%emt 00:02:30]} 7. d4 {[%clk 01:23:25]}
{[%emt 00:05:08]} d6 {[%clk 01:05:35]} {[%emt 00:05:27]} 8. O-O {[%clk
01:20:41]} {[%emt 00:03:13]} h6 {[%clk 01:01:33]} {[%emt 00:04:32]} 9. Bd3
{[%clk 01:16:56]} {[%emt 00:04:14]} Nf6 {[%clk 00:59:46]} {[%emt 00:02:18]} 10.
Nxf6+ {[%clk 01:13:03]} {[%emt 00:04:23]} Qxf6 {[%clk 00:58:00]} {[%emt
00:02:17]} 11. Re1 {[%clk 01:09:22]} {[%emt 00:04:10]} O-O {[%clk 00:56:50]}
{[%emt 00:01:41]} 12. b4 {[%clk 01:07:53]} {[%emt 00:01:58]} Bb6 {[%clk
00:55:21]} {[%emt 00:01:59]} 13. dxe5 {[%clk 01:05:48]} {[%emt 00:02:35]} dxe5
{[%clk 00:53:13]} {[%emt 00:02:38]} 14. Ba3 {[%clk 01:03:02]} {[%emt 00:03:16]}
Rd8 {[%clk 00:50:04]} {[%emt 00:03:38]} 15. Qe2 {[%clk 00:59:41]} {[%emt
00:03:50]} Be6 {[%clk 00:43:43]} {[%emt 00:06:54]} 16. b5 {[%clk 00:56:28]}
{[%emt 00:03:41]} Ne7 {[%clk 00:37:42]} {[%emt 00:06:32]} 17. Nxe5 {[%clk
00:53:40]} {[%emt 00:03:14]} Nf5 {[%clk 00:34:27]} {[%emt 00:03:49]} 18. c4
{[%clk 00:50:29]} {[%emt 00:03:40]} Bd4 {[%clk 00:31:50]} {[%emt 00:03:08]} 19.
Bb2 {[%clk 00:48:29]} {[%emt 00:02:24]} Qxe5 {[%clk 00:31:11]} {[%emt
00:01:15]} 20. Bxf5 {[%clk 00:43:08]} {[%emt 00:05:50]} Qxe2 {[%emt 00:04:34]}
21. Rxe2 {[%clk 00:42:39]} Bxf5 {[%clk 00:26:12]} {[%emt 00:02:26]} 22. Bxd4
{[%clk 00:35:50]} {[%emt 00:07:19]} Rxd4 {[%clk 00:26:10]} {[%emt 00:00:33]}
23. c5 {[%clk 00:32:28]} {[%emt 00:03:49]} Rad8 {[%clk 00:23:58]} {[%emt
00:02:44]} 24. h3 {[%clk 00:29:41]} {[%emt 00:03:16]} Rd1+ {[%clk 00:23:24]}
{[%emt 00:01:05]} 25. Re1 {[%clk 00:29:51]} {[%emt 00:00:17]} Rxa1 {[%clk
00:23:22]} {[%emt 00:00:35]} 26. Rxa1 {[%clk 00:30:08]} {[%emt 00:00:13]} Bc2
{[%clk 00:23:22]} {[%emt 00:00:30]} 27. a4 {[%clk 00:29:59]} {[%emt 00:00:39]}
Rd1+ {[%clk 00:23:02]} {[%emt 00:00:51]} 28. Rxd1 {[%clk 00:28:23]} {[%emt
00:02:05]} Bxd1 {[%clk 00:22:49]} {[%emt 00:00:42]} 29. a5 {[%clk 00:28:30]}
{[%emt 00:00:24]} Ba4 {[%clk 00:19:15]} {[%emt 00:04:04]} 30. c6 {[%clk
00:27:14]} {[%emt 00:01:39]} bxc6 {[%clk 00:19:24]} {[%emt 00:00:29]} 31. b6
{[%clk 00:27:29]} {[%emt 00:00:14]} cxb6 {[%clk 00:19:49]} {[%emt 00:00:05]}
32. axb6 {[%clk 00:27:31]} {[%emt 00:00:29]} axb6 {[%clk 00:20:01]} {[%emt
00:00:18]} 33. Kf1 {[%clk 00:27:50]} {[%emt 00:00:10]} Kf8 {[%clk 00:20:26]}
{[%emt 00:00:05]} 34. Ke2 {[%clk 00:28:15]} {[%emt 00:00:05]} Ke7 {[%clk
00:20:51]} {[%emt 00:00:06]} 35. Kd3 {[%clk 00:28:39]} {[%emt 00:00:05]} Ke6
{[%clk 00:21:02]} {[%emt 00:00:19]} 36. Ke2 {[%clk 00:28:52]} {[%emt 00:00:16]}
c5 {[%clk 00:21:16]} {[%emt 00:00:18]} 37. Ke3 {[%clk 00:28:27]} {[%emt
00:00:54]} b5 {[%clk 00:21:40]} {[%emt 00:00:07]} 38. Kd3 {[%clk 00:28:49]}
{[%emt 00:00:08]} Kd5 {[%clk 00:22:01]} {[%emt 00:00:09]} 39. h4 {[%clk
00:28:56]} {[%emt 00:00:21]} b4 {[%clk 00:22:19]} {[%emt 00:00:13]} 40. g3
{[%clk 00:29:17]} {[%emt 00:00:09]} c4+ {[%clk 00:22:41]} {[%emt 00:00:09]} 41.
Kd2 {[%clk 00:29:05]} {[%emt 00:00:42]} Kd4 {[%clk 00:22:18]} {[%emt 00:00:53]}
42. f4 {[%clk 00:29:20]} {[%emt 00:00:14]} c3+ {[%clk 00:22:41]} {[%emt
00:00:07]} 43. Kc1 {[%clk 00:29:43]} {[%emt 00:00:07]} b3 {[%clk 00:22:56]}
{[%emt 00:00:15]} 44. g4 {[%clk 00:29:52]} {[%emt 00:00:20]} Kd3 {[%clk
00:23:16]} {[%emt 00:00:11]} 0-1